000 00421nam a2200133 i 4500
001 bg
245 0 _aElektryczny łuk łączeniwy :
_bPiate Międzynarodowe Sympozjum, Łódź, Polska, 24-26 wrzesień 1985 /
_cPolitechnika Łódzka. Cz.1: Materiały Konferencyjne.
260 _aŁódź,
_c1985.
040 _cBPK
041 _apol
080 _a621.31:621.36
942 _cKS
008 s pl f |000 0 pol
999 _c28136
_d28136
856 _uhttp://koha.tu.koszalin.pl/cgi-bin/koha/opac-detail.pl?biblionumber=28136
_yKatalog online BPK